| 000 | 00428nam a2200133Ia 4500 | ||
|---|---|---|---|
| 008 | 220217s9999 xx 000 0 und d | ||
| 245 | 0 | _aVulcanized rubbers at low hardness (10 to 35 IRHD)- Determination of hardness | |
| 260 | _aSwitzerland | ||
| 260 |
_c1975 _bInternational Organisation for Standards |
||
| 490 | _aRubber vulcanization | ||
| 500 | _aStandard number: ISO 1818 | ||
| 650 | _aRubber vulcanization | ||
| 942 | _cST | ||
| 999 |
_c74047 _d74047 |
||